LIBRARY & INFORMATION CENTRE, KCAET, TAVANUR

ONLINE PUBLIC ACCESS CATALOGUE (OPAC)

Fundamentals of biochemistry (Record no. 15427)

MARC details
000 -LEADER
fixed length control field 00397nam a22001577a 4500
020 ## - INTERNATIONAL STANDARD BOOK NUMBER
ISBN 9788121924535
082 ## - DEWEY DECIMAL CLASSIFICATION NUMBER
Classification number 574.192
Item number JAI/FU
100 ## - MAIN ENTRY--AUTHOR NAME
Personal name Jain, J.L
245 ## - TITLE STATEMENT
Title Fundamentals of biochemistry
250 ## - EDITION STATEMENT
Edition statement Multicolour
260 ## - PUBLICATION, DISTRIBUTION, ETC. (IMPRINT)
Place of publication New delhi:
Name of publisher S chand and company pvt ltd,
Year of publication 2013
300 ## - PHYSICAL DESCRIPTION
Number of Pages 1615.
700 ## - ADDED ENTRY--PERSONAL NAME
Personal name Jain, Sunjay
700 ## - ADDED ENTRY--PERSONAL NAME
Personal name Jain, Nitin
942 ## - ADDED ENTRY ELEMENTS (KOHA)
Koha item type Book Bank scheme for SC students
Holdings
Withdrawn status Lost status Damaged status Home library Current library Date acquired Cost, normal purchase price Full call number Accession Number Koha item type
      KAUAET KAUAET 29/05/2018 950.00 574.192 JAI/FU BB 392 Book Bank scheme for SC students
free website counter